000 00318nam a22001457a 4500
008 230925b ||||| |||| 00| 0 eng d
020 _a9780521427401
041 _aeng
080 _a521
082 _a521BRO
100 _a19
101 _aASTRO
245 _aUNDERSTANDING THE EARTH
_cBROWN.C.G
942 _2udc
_cBK
999 _c60391
_d60391